[Event "Bayern-chTT (LL Sued)"]
[Site "Bayern 2008/09"]
[Date "2009.03.01"]
[Round "7.1"]
[White "Riediger, Martin"]
[Black "Bredl, Harald"]
[Result "1-0"]
[WhiteElo "2238"]
[BlackElo "2310"]
[PlyCount "81"]
[EventDate "2009.03.??"]
[EventType "team-tourn"]
[EventRounds "9"]
[WhiteTeam "Rottal 1"]
[BlackTeam "Garching 1"]

1. e4 e6 2. d4 d5 3. e5 c5 4. c3 Nc6 5. Nf3 Nh6 6. a3 f6 7. Bxh6 gxh6 8. dxc5
Bxc5 9. b4 Bf8 10. Bb5 Bg7 11. O-O O-O 12. Bxc6 bxc6 13. Qd4 fxe5 14. Nxe5 Qg5
15. f4 Bxe5 16. Qxe5 Qxe5 17. fxe5 Rxf1+ 18. Kxf1 Ba6+ 19. Kg1 c5 20. Nd2 Rc8
21. Rc1 Bc4 22. Nxc4 dxc4 23. Rd1 Rc7 24. b5 Kf7 25. Rd6 Re7 26. a4 Kg6 27. Rc6
Kf5 28. Rxc5 Ke4 29. Rxc4+ Kxe5 30. Kf2 Kd5 31. Rc8 Ke4 32. Ke2 h5 33. a5 Rg7
34. g3 e5 35. b6 axb6 36. axb6 h4 37. Rc4+ Kd5 38. Rxh4 Rb7 39. Rb4 h5 40. Ke3
Kc5 41. Ke4 1-0

[Event "Bayern-chTT (LL Sued)"]
[Site "Bayern 2008/09"]
[Date "2009.03.01"]
[Round "7.2"]
[White "Schmitz, Thorsten(74)"]
[Black "Bensch, Patrick"]
[Result "1-0"]
[WhiteElo "2265"]
[BlackElo "2181"]
[PlyCount "39"]
[EventDate "2009.03.??"]
[EventType "team-tourn"]
[EventRounds "9"]
[WhiteTeam "Garching 1"]
[BlackTeam "Rottal 1"]

1. e4 e5 2. Nf3 Nc6 3. Bc4 Bc5 4. O-O Nf6 5. d4 exd4 6. e5 d5 7. exf6 dxc4 8.
fxg7 Rg8 9. Re1+ Be6 10. Bg5 Qd5 11. Nc3 Qf5 12. Ne4 Rxg7 13. Nh4 Qxg5 14. Nxg5
Rxg5 15. f4 Rd5 16. f5 d3+ 17. Kh1 Bf2 18. fxe6 O-O-O 19. e7 Re8 20. Qg4+ 1-0

[Event "Bayern-chTT (LL Sued)"]
[Site "Bayern 2008/09"]
[Date "2009.03.01"]
[Round "7.3"]
[White "Wagner, Hans(59)"]
[Black "Pitschka, Claus"]
[Result "1/2-1/2"]
[WhiteElo "2116"]
[BlackElo "2252"]
[PlyCount "41"]
[EventDate "2009.03.??"]
[EventType "team-tourn"]
[EventRounds "9"]
[WhiteTeam "Rottal 1"]
[BlackTeam "Garching 1"]

1. Nf3 d5 2. b3 Nf6 3. Bb2 Bg4 4. e3 Nbd7 5. h3 Bxf3 6. Qxf3 e5 7. g3 Bd6 8.
Bg2 O-O 9. O-O c6 10. d3 e4 11. Qe2 Be5 12. Bxe5 Nxe5 13. Nd2 exd3 14. cxd3 Re8
15. Kh2 Qb6 16. f4 Ng6 17. e4 Nf8 18. Qf2 Qa6 19. e5 Qxd3 20. Rad1 N6d7 21. Nc4
1/2-1/2

[Event "Bayern-chTT (LL Sued)"]
[Site "Bayern 2008/09"]
[Date "2009.03.01"]
[Round "7.4"]
[White "Schleich, Markus"]
[Black "Ager, Josef"]
[Result "1-0"]
[WhiteElo "2203"]
[BlackElo "2191"]
[PlyCount "101"]
[EventDate "2009.03.??"]
[EventType "team-tourn"]
[EventRounds "9"]
[WhiteTeam "Garching 1"]
[BlackTeam "Rottal 1"]

1. e4 e5 2. Nc3 Nc6 3. Nf3 Nf6 4. Bb5 Bb4 5. O-O O-O 6. d3 d6 7. Bg5 Bxc3 8.
bxc3 Bg4 9. h3 Bd7 10. Nd2 Ne7 11. Bc4 Ng6 12. Rb1 b6 13. d4 h6 14. Be3 Qe7 15.
Bd3 Bc6 16. Re1 Rae8 17. c4 exd4 18. Bxd4 Qd8 19. f3 Nh5 20. Kh2 Qh4 21. Nf1
Bd7 22. Qd2 Bxh3 23. Bf2 Qf6 24. Kxh3 Re5 25. Kh2 Nhf4 26. Ne3 Rh5+ 27. Kg1 Qg5
28. Red1 Ne5 29. Be2 f5 30. exf5 Nh3+ 31. Kf1 Nxf2 32. Kxf2 Qh4+ 33. Kg1 Qh2+
34. Kf2 Qh4+ 35. g3 Qh2+ 36. Ng2 Rhxf5 37. f4 Rg5 38. Qe3 Qh3 39. Rh1 Qf5 40.
Kg1 Ng4 41. Bxg4 Rxg4 42. Re1 Kh8 43. Re2 Qf6 44. Kh2 a5 45. Qe6 Rg6 46. Qxf6
Rgxf6 47. Re7 R8f7 48. Rhe1 Kg8 49. R1e4 Rf5 50. Ne3 Rc5 51. Kg2 1-0

[Event "Bayern-chTT (LL Sued)"]
[Site "Bayern 2008/09"]
[Date "2009.03.01"]
[Round "7.5"]
[White "Heiduczek, Josef"]
[Black "Schoellmann, Jochen"]
[Result "1-0"]
[WhiteElo "2186"]
[BlackElo "2191"]
[PlyCount "85"]
[EventDate "2009.03.??"]
[EventType "team-tourn"]
[EventRounds "9"]
[WhiteTeam "Rottal 1"]
[BlackTeam "Garching 1"]

1. e4 c5 2. Nf3 Nc6 3. d4 cxd4 4. Nxd4 g6 5. Nc3 Bg7 6. Be3 Nf6 7. Bc4 O-O 8.
Bb3 e6 9. O-O d5 10. exd5 Nxd5 11. Nxd5 exd5 12. c3 Be6 13. Nxe6 fxe6 14. Qg4
Re8 15. h4 Qf6 16. Rfe1 Qf5 17. Qe2 Rad8 18. Bg5 Rd7 19. Rad1 Qe5 20. Qg4 Qf5
21. Qxf5 gxf5 22. Bxd5 Kf8 23. Bb3 Rxd1 24. Rxd1 h6 25. Be3 Kf7 26. Bc5 b6 27.
Rd7+ Kf6 28. Bd6 Bf8 29. Ba4 Ne7 30. Rxa7 Rd8 31. Rd7 Ra8 32. Bb3 Ng6 33. Bxf8
Nxf8 34. Rb7 Rd8 35. Rxb6 Rd2 36. Bc4 Rd1+ 37. Kh2 Rd2 38. f4 Ng6 39. Kg3 Nf8
40. a4 Kg6 41. a5 Kh5 42. Bb5 Ng6 43. Rxe6 1-0

[Event "Bayern-chTT (LL Sued)"]
[Site "Bayern 2008/09"]
[Date "2009.03.01"]
[Round "7.6"]
[White "Wiegner, Denis"]
[Black "Schwarzmeier, Klaus"]
[Result "1/2-1/2"]
[WhiteElo "2188"]
[BlackElo "2149"]
[PlyCount "139"]
[EventDate "2009.03.??"]
[EventType "team-tourn"]
[EventRounds "9"]
[WhiteTeam "Garching 1"]
[BlackTeam "Rottal 1"]

1. e4 e6 2. d4 d5 3. Nd2 Nf6 4. e5 Nfd7 5. f4 c5 6. c3 Nc6 7. Ndf3 Qb6 8. a3
cxd4 9. cxd4 Be7 10. h4 f6 11. Bd3 O-O 12. Nh3 f5 13. Nfg5 Bxg5 14. Nxg5 Ne7
15. Be3 Nb8 16. O-O Bd7 17. b4 h6 18. Nf3 Bb5 19. a4 Bxd3 20. Qxd3 Rc8 21. Rfb1
Qd8 22. b5 Nd7 23. a5 Qe8 24. Nd2 Qh5 25. g3 Qg4 26. Kg2 Ng6 27. Rh1 Qh5 28.
Nf3 Rc4 29. Rac1 Rac8 30. Rxc4 Rxc4 31. Rc1 Rxc1 32. Bxc1 Ngf8 33. Qc3 Qe8 34.
Ba3 Qd8 35. Kh3 Nh7 36. Ne1 g5 37. Nd3 gxh4 38. gxh4 Nhf8 39. Nc5 Qc7 40. Qg3+
Kf7 41. Nxd7 Qxd7 42. Bxf8 Kxf8 43. Qa3+ Kg8 44. Qc5 Kf7 45. h5 Qe7 46. Kg3 Ke8
47. Qc8+ Kf7 48. Kg2 Kg7 49. Qc5 Qd7 50. Kf2 Kf7 51. Ke3 Qe7 52. Ke2 Qh4 53.
Qc7+ Qe7 54. b6 axb6 55. axb6 Kf8 56. Kd1 Qe8 57. Kd2 Qe7 58. Kc2 Qe8 59. Kc3
Qe7 60. Kb3 Ke8 61. Qc8+ Kf7 62. Qh8 Qd7 63. Qh7+ Ke8 64. Qg8+ Ke7 65. Kb4 Qc6
66. Qg7+ Ke8 67. Qg6+ Ke7 68. Qf6+ Ke8 69. Qh8+ Ke7 70. Qg7+ 1/2-1/2

[Event "Bayern-chTT (LL Sued)"]
[Site "Bayern 2008/09"]
[Date "2009.03.01"]
[Round "7.7"]
[White "Walch, Ingo(73)"]
[Black "Nuessel, Georg"]
[Result "1-0"]
[WhiteElo "1974"]
[BlackElo "2136"]
[PlyCount "93"]
[EventDate "2009.03.??"]
[EventType "team-tourn"]
[EventRounds "9"]
[WhiteTeam "Rottal 1"]
[BlackTeam "Garching 1"]

1. d4 Nf6 2. c4 d6 3. Nc3 g6 4. e4 Bg7 5. Nf3 O-O 6. Be2 Nbd7 7. Bg5 c6 8. O-O
a6 9. a4 Qc7 10. a5 e5 11. d5 c5 12. Ne1 h6 13. Be3 Kh7 14. Nd3 Re8 15. Kh1 Nf8
16. b4 cxb4 17. Nxb4 N6d7 18. Na4 f5 19. Nb6 Nxb6 20. Bxb6 Qe7 21. f3 Nd7 22.
Bf2 Nf6 23. Bd3 fxe4 24. Bxe4 Bf5 25. Bh4 Bxe4 26. fxe4 g5 27. Bf2 Rac8 28. Qe2
Qf7 29. Rac1 Qg6 30. Rfe1 Bf8 31. Nd3 Nd7 32. Rb1 Rc7 33. Bb6 Rcc8 34. Rb4 Be7
35. Bg1 Rc7 36. Reb1 Nf6 37. Rxb7 Rxb7 38. Rxb7 Nxe4 39. Nb4 Kg8 40. Nxa6 Bd8
41. Nc7 Bxc7 42. Rxc7 Ra8 43. Qg4 h5 44. Rc8+ Rxc8 45. Qxc8+ Kg7 46. Qd7+ Kh6
47. Qe6 1-0

[Event "Bayern-chTT (LL Sued)"]
[Site "Bayern 2008/09"]
[Date "2009.03.01"]
[Round "7.8"]
[White "Schlinkmeier, Karsten"]
[Black "Hackbarth, Wolfgang"]
[Result "0-1"]
[WhiteElo "2115"]
[BlackElo "2110"]
[PlyCount "40"]
[EventDate "2009.03.??"]
[EventType "team-tourn"]
[EventRounds "9"]
[WhiteTeam "Garching 1"]
[BlackTeam "Rottal 1"]

1. b3 e5 2. Bb2 d6 3. c4 Nf6 4. d3 Be7 5. Nf3 O-O 6. Nbd2 Nc6 7. c5 dxc5 8.
Nxe5 Nxe5 9. Bxe5 b6 10. Nf3 Bb7 11. e3 Ng4 12. Bc3 Bf6 13. Qc2 Bh4 14. Nxh4
Qxh4 15. Qe2 Nxe3 16. g3 Qh6 17. fxe3 Bxh1 18. O-O-O Rfe8 19. Re1 Bc6 20. Kc2
a5 0-1

[Event "Bayern-chTT (LL Sued)"]
[Site "Bayern 2008/09"]
[Date "2009.03.01"]
[Round "7.2"]
[White "Rajic, Ivica"]
[Black "Krklec, Daniel"]
[Result "0-1"]
[WhiteElo "2090"]
[BlackElo "2129"]
[PlyCount "74"]
[EventDate "2009.03.??"]
[EventType "team-tourn"]
[EventRounds "9"]
[WhiteTeam "München-Bayern 3"]
[BlackTeam "Zugzwang-82 /1"]

1. d4 d5 2. Nf3 Nf6 3. c4 e6 4. Nc3 c6 5. Bg5 dxc4 6. a4 Bb4 7. Qc2 Nbd7 8. e4
Qa5 9. e5 Ne4 10. Bd2 Nxd2 11. Nxd2 b5 12. Be2 Qb6 13. Qe4 Bb7 14. Bf3 a6 15.
O-O O-O 16. Rfd1 Rfd8 17. Nf1 Rab8 18. Ne3 Qc7 19. axb5 cxb5 20. Qg4 Bxc3 21.
bxc3 Nb6 22. Bxb7 Qxb7 23. Rdb1 Ra8 24. h4 Qc6 25. h5 h6 26. Qg3 Nd5 27. Ng4
Kf8 28. Qf3 a5 29. Rc1 b4 30. cxb4 axb4 31. Rab1 Rac8 32. Qe4 Kg8 33. Rb2 Nc3
34. Qf4 Qd7 35. Qg3 Kh8 36. Qf4 Qxd4 37. Qg3 Ne4 0-1

[Event "Bayern-chTT (LL Sued)"]
[Site "Bayern 2008/09"]
[Date "2009.03.01"]
[Round "7.3"]
[White "Bonacci, Mauro"]
[Black "Kunze, Holger"]
[Result "1/2-1/2"]
[WhiteElo "2127"]
[BlackElo "2083"]
[PlyCount "28"]
[EventDate "2009.03.??"]
[EventType "team-tourn"]
[EventRounds "9"]
[WhiteTeam "Zugzwang-82 /1"]
[BlackTeam "München-Bayern 3"]

1. e4 c6 2. d4 d5 3. e5 Bf5 4. c4 e6 5. Nc3 Nd7 6. Be3 dxc4 7. Bxc4 Nb6 8. Bb3
Ne7 9. Nge2 Ned5 10. Nf4 Bb4 11. Nfxd5 Nxd5 12. Bd2 Nb6 13. Be3 Nd5 14. Bd2 Nb6
1/2-1/2

[Event "Bayern-chTT (LL Sued)"]
[Site "Bayern 2008/09"]
[Date "2009.03.01"]
[Round "7.5"]
[White "Beck, Alexander(74)"]
[Black "Schuetz, Guenter(54)"]
[Result "1/2-1/2"]
[WhiteElo "2065"]
[BlackElo "2167"]
[PlyCount "136"]
[EventDate "2009.03.??"]
[EventType "team-tourn"]
[EventRounds "9"]
[WhiteTeam "Zugzwang-82 /1"]
[BlackTeam "München-Bayern 3"]

1. d4 f5 2. Nf3 d6 3. c4 Nf6 4. Nc3 g6 5. g3 Bg7 6. Bg2 O-O 7. O-O Qe8 8. b3
Na6 9. Bb2 c6 10. e3 Bd7 11. Qe2 Rb8 12. a4 Nc7 13. a5 Ne6 14. Ne1 g5 15. Nd3
Qg6 16. f4 gxf4 17. Nxf4 Nxf4 18. exf4 Rbe8 19. Qd3 Ng4 20. Rae1 Qh6 21. h3 Nf6
22. Re2 Nh5 23. Kh2 Kh8 24. Bf3 Bf6 25. Bxh5 Qxh5 26. Nd1 Rg8 27. Rfe1 Rg7 28.
Bc3 Reg8 29. Re3 Qf7 30. d5 cxd5 31. cxd5 Rc8 32. Bd4 a6 33. Nc3 h5 34. h4 Kh7
35. Rd1 Qg6 36. Bxf6 Qxf6 37. Qd4 Kg6 38. Kg2 Rgg8 39. Kf2 Rc7 40. Ke2 Rgc8 41.
Qxf6+ Kxf6 42. Kd2 Rc5 43. Rde1 Re8 44. Ra1 e5 45. dxe6 Rxe6 46. Rd3 Bc6 47.
Rd4 Be4 48. Raa4 Bf3 49. Rd3 Bc6 50. Ra1 d5 51. Rd4 Rd6 52. Kc2 Bb5 53. Re1
Rdc6 54. Re3 Bf1 55. Kb2 Bg2 56. b4 Rc4 57. Nxd5+ Bxd5 58. Rxd5 Rxb4+ 59. Rb3
Rxb3+ 60. Kxb3 b5 61. axb6 Rxb6+ 62. Kc3 Re6 63. Kd2 Rb6 64. Ke3 Rb3+ 65. Kf2
Ra3 66. Rd6+ Kg7 67. Rd7+ Kg6 68. Rd6+ Kg7 1/2-1/2

[Event "Bayern-chTT (LL Sued)"]
[Site "Bayern 2008/09"]
[Date "2009.03.01"]
[Round "7.6"]
[White "Schulz, Michael(58)"]
[Black "Brychcy, Felix"]
[Result "0-1"]
[WhiteElo "2172"]
[BlackElo "2070"]
[PlyCount "156"]
[EventDate "2009.03.??"]
[EventType "team-tourn"]
[EventRounds "9"]
[WhiteTeam "München-Bayern 3"]
[BlackTeam "Zugzwang-82 /1"]

1. d4 Nf6 2. Nf3 g6 3. c4 Bg7 4. Nc3 d6 5. Bg5 h6 6. Bh4 c6 7. e3 O-O 8. Qc2 a6
9. Be2 b5 10. a3 Nbd7 11. O-O Bb7 12. b4 Re8 13. Nd2 Nf8 14. f4 Bc8 15. Bf3 Bf5
16. e4 Bd7 17. cxb5 axb5 18. Nb3 N6h7 19. Qd2 g5 20. fxg5 hxg5 21. Bxg5 Nxg5
22. Qxg5 Ne6 23. Qe3 Qb6 24. Ne2 Rec8 25. Bh5 Be8 26. Rf3 c5 27. dxc5 dxc5 28.
Raf1 Rxa3 29. bxc5 Rxc5 30. Qf2 Rc6 31. Re3 Ng5 32. Nbd4 Rxe3 33. Qxe3 Ne6 34.
e5 Nxd4 35. Nxd4 Rc4 36. Rf4 Qh6 37. Bf3 Rc3 38. Qe4 Rc1+ 39. Kf2 Qxh2 40. e6
Bxd4+ 41. Qxd4 Qg1+ 42. Kg3 Qxd4 43. Rxd4 Rc8 44. Bd5 Rc3+ 45. Kh4 fxe6 46.
Bxe6+ Kg7 47. g4 Kf6 48. Re4 Rc5 49. Bb3 e5 50. Re3 Bc6 51. g5+ Kf5 52. Re2 Bf3
53. Rd2 e4 54. Rd6 e3 55. Kg3 e2 56. Kf2 Rc1 57. Re6 Rf1+ 58. Kg3 e1=Q+ 59.
Rxe1 Rxe1 60. Kxf3 Rh1 61. Ke2 Kxg5 62. Kd2 Rh3 63. Bc2 Kf6 64. Kc1 Ke5 65. Kb2
Kd5 66. Bf5 Re3 67. Bg6 b4 68. Bh7 Rg3 69. Bf5 Re3 70. Bg6 Kc5 71. Bh7 b3 72.
Bg8 Kb4 73. Bf7 Re2+ 74. Kc1 Kc3 75. Bxb3 Re1+ 76. Bd1 Rg1 77. Kb1 Rxd1+ 78.
Ka2 Rc1 0-1

[Event "Bayern-chTT (LL Sued)"]
[Site "Bayern 2008/09"]
[Date "2009.03.01"]
[Round "7.7"]
[White "Callenberg, Ralf"]
[Black "Ankerst, Milka"]
[Result "0-1"]
[WhiteElo "1996"]
[BlackElo "2066"]
[PlyCount "76"]
[EventDate "2009.03.??"]
[EventType "team-tourn"]
[EventRounds "9"]
[WhiteTeam "Zugzwang-82 /1"]
[BlackTeam "München-Bayern 3"]

1. c4 Nf6 2. g3 e6 3. Bg2 d5 4. Nf3 Be7 5. O-O c5 6. b3 O-O 7. e3 Nc6 8. Bb2
Qd6 9. Na3 a6 10. cxd5 exd5 11. d4 cxd4 12. Nxd4 Be6 13. Nac2 Rfd8 14. Rc1 Qd7
15. Qd3 Ne5 16. Qe2 Bh3 17. Rfd1 Rac8 18. Nf3 Nxf3+ 19. Bxf3 Qf5 20. Nd4 Qg6
21. Qe1 h5 22. Ne2 Qg5 23. Nf4 Bg4 24. Bxf6 Bxf6 25. Rxd5 Rxc1 26. Qxc1 Bxf3
27. Rxg5 Bxg5 28. Ne2 Bxe2 29. Kg2 Bb5 30. Qc5 Bc6+ 31. Kf1 Rd5 32. Qc2 g6 33.
Qc3 Bh6 34. Ke2 Bg7 35. Qc2 Bf6 36. h4 Kg7 37. Kf1 Rf5 38. Qd2 Bf3 0-1

[Event "Bayern-chTT (LL Sued)"]
[Site "Bayern 2008/09"]
[Date "2009.03.01"]
[Round "7.8"]
[White "Klenk, Robert"]
[Black "Garbotz, Julian"]
[Result "1-0"]
[WhiteElo "2085"]
[BlackElo "1841"]
[PlyCount "93"]
[EventDate "2009.03.??"]
[EventType "team-tourn"]
[EventRounds "9"]
[WhiteTeam "München-Bayern 3"]
[BlackTeam "Zugzwang-82 /1"]

1. d4 d5 2. c4 e6 3. Nc3 c6 4. e4 dxe4 5. Nxe4 Nf6 6. Nxf6+ Qxf6 7. Nf3 Bb4+ 8.
Bd2 Bxd2+ 9. Qxd2 O-O 10. Be2 Nd7 11. O-O b6 12. Rfd1 Bb7 13. Qe3 Rad8 14. Ne5
Nxe5 15. dxe5 Qe7 16. Bf3 c5 17. Bxb7 Qxb7 18. Rd6 Rxd6 19. exd6 Qd7 20. Qd3
Re8 21. b3 e5 22. f3 Re6 23. Rd1 h5 24. a3 a5 25. Qd5 Kh7 26. Qd2 Rf6 27. b4
axb4 28. axb4 Rf4 29. bxc5 bxc5 30. Qd5 Rf5 31. Qxc5 e4 32. Rd5 Rxd5 33. Qxd5
Qa7+ 34. Kf1 Qa1+ 35. Kf2 Qb2+ 36. Ke3 exf3 37. gxf3 Qc1+ 38. Kf2 Qc2+ 39. Kg3
Qc1 40. Qxh5+ Kg8 41. Qd5 Qg1+ 42. Kh3 Qf1+ 43. Kg4 Qg2+ 44. Kf5 Qg6+ 45. Kf4
Qf6+ 46. Ke4 Qh4+ 47. Kd3 1-0

[Event "Bayern-chTT (LL Sued)"]
[Site "Bayern 2008/09"]
[Date "2009.03.01"]
[Round "7.1"]
[White "Hausner, Ivan"]
[Black "Umansky, Mikhail(52)"]
[Result "1-0"]
[WhiteElo "2340"]
[BlackElo "2416"]
[PlyCount "59"]
[EventDate "2009.03.??"]
[EventType "team-tourn"]
[EventRounds "9"]
[WhiteTeam "Weilheim 1"]
[BlackTeam "Haunstetten 1"]

1. d4 Nf6 2. c4 g6 3. Nc3 d6 4. e4 Bg7 5. f4 O-O 6. Nf3 c5 7. d5 b5 8. cxb5 a6
9. a4 axb5 10. Bxb5 Ba6 11. Bd2 Nbd7 12. O-O Qb6 13. e5 Bxb5 14. exf6 Bxf1 15.
fxg7 Rfb8 16. Qxf1 c4+ 17. Kh1 Qxb2 18. Re1 Nc5 19. Qxc4 Nb3 20. Qe2 Rc8 21.
Qxe7 Re8 22. Qxe8+ Rxe8 23. Rxe8+ Kxg7 24. Be1 Nc5 25. Ne4 Qe2 26. Bc3+ Kh6 27.
Ng1 Qc4 28. Nxc5 Qxc3 29. Ne4 Qb4 30. Re7 1-0

[Event "Bayern-chTT (LL Sued)"]
[Site "Bayern 2008/09"]
[Date "2009.03.01"]
[Round "7.2"]
[White "Schnelzer, Reinhold Dr"]
[Black "Jurcik, Marian"]
[Result "0-1"]
[WhiteElo "2215"]
[BlackElo "2376"]
[PlyCount "70"]
[EventDate "2009.03.??"]
[EventType "team-tourn"]
[EventRounds "9"]
[WhiteTeam "Haunstetten 1"]
[BlackTeam "Weilheim 1"]

1. Nf3 Nf6 2. c4 e6 3. d4 Bb4+ 4. Bd2 Qe7 5. g3 Nc6 6. Bg2 Bxd2+ 7. Nbxd2 O-O
8. O-O d6 9. Rc1 e5 10. d5 Nb8 11. Rc3 a5 12. h3 Na6 13. Qc2 Bd7 14. Ne1 Nc5
15. Re3 Qd8 16. f4 exf4 17. Rxf4 Re8 18. Rxe8+ Qxe8 19. Nf1 Qe7 20. Rf3 Re8 21.
Re3 Qd8 22. Qd2 b6 23. Kh2 Bf5 24. b3 h5 25. Rxe8+ Qxe8 26. Ne3 Bb1 27. Nd1 h4
28. gxh4 Qe5+ 29. Kg1 Nfe4 30. Qe3 Bxa2 31. Nd3 Nxd3 32. Qxd3 Nc5 33. Qd2 Bxb3
34. Ne3 f5 35. h5 a4 0-1

[Event "Bayern-chTT (LL Sued)"]
[Site "Bayern 2008/09"]
[Date "2009.03.01"]
[Round "7.3"]
[White "Bayer, Bernhard"]
[Black "Wolf, Armin(61)"]
[Result "1/2-1/2"]
[WhiteElo "2346"]
[BlackElo "2129"]
[PlyCount "40"]
[EventDate "2009.03.??"]
[EventType "team-tourn"]
[EventRounds "9"]
[WhiteTeam "Weilheim 1"]
[BlackTeam "Haunstetten 1"]

1. c4 g6 2. Nc3 Bg7 3. g3 e5 4. Bg2 d6 5. Nf3 f5 6. d3 Nf6 7. O-O Nc6 8. Rb1 h6
9. b4 Be6 10. b5 Ne7 11. a4 Rc8 12. Ba3 b6 13. a5 O-O 14. Qc2 g5 15. Nd2 Qe8
16. Rbe1 Qh5 17. e3 f4 18. Qd1 Bg4 19. f3 Bd7 20. Rf2 fxe3 1/2-1/2

[Event "Bayern-chTT (LL Sued)"]
[Site "Bayern 2008/09"]
[Date "2009.03.01"]
[Round "7.4"]
[White "Herb, Stefan"]
[Black "De Francesco, Klaus"]
[Result "0-1"]
[WhiteElo "2029"]
[BlackElo "2241"]
[PlyCount "86"]
[EventDate "2009.03.??"]
[EventType "team-tourn"]
[EventRounds "9"]
[WhiteTeam "Haunstetten 1"]
[BlackTeam "Weilheim 1"]

1. e4 e6 2. d3 d5 3. Nd2 c5 4. g3 dxe4 5. dxe4 b6 6. Bg2 Bb7 7. Ngf3 Nf6 8. O-O
Qc7 9. Re1 Nc6 10. c3 Be7 11. Nc4 e5 12. Bg5 Rd8 13. Qb3 O-O 14. a4 Ba6 15.
Bxf6 Bxf6 16. Rad1 Bxc4 17. Qxc4 Na5 18. Qa6 Rxd1 19. Rxd1 Qc6 20. b4 Qxa4 21.
Re1 cxb4 22. cxb4 Qxb4 23. Qxa7 Nc6 24. Qa2 Nd4 25. Rb1 Qc5 26. Ne1 b5 27. Nd3
Qc4 28. Nb4 Qxa2 29. Nxa2 Ra8 30. Nc3 Rb8 31. Nd5 Kf8 32. f4 Be7 33. Kf1 Bd6
34. Ke1 f6 35. Kd2 b4 36. fxe5 fxe5 37. Ne3 Rc8 38. Bh3 Rc3 39. Bg4 Nb3+ 40.
Ke2 Bc5 41. Nd5 Nd4+ 42. Kd1 Rc2 43. Rc1 Rxh2 0-1

[Event "Bayern-chTT (LL Sued)"]
[Site "Bayern 2008/09"]
[Date "2009.03.01"]
[Round "7.5"]
[White "Lisko, Frantisek"]
[Black "Fehmer, Dirk"]
[Result "1-0"]
[WhiteElo "2198"]
[BlackElo "2021"]
[PlyCount "97"]
[EventDate "2009.03.??"]
[EventType "team-tourn"]
[EventRounds "9"]
[WhiteTeam "Weilheim 1"]
[BlackTeam "Haunstetten 1"]

1. d4 Nf6 2. c4 g6 3. Nc3 Bg7 4. e4 d6 5. f3 O-O 6. Nge2 e5 7. Bg5 h6 8. Be3
exd4 9. Nxd4 Nc6 10. Qd2 Kh7 11. O-O-O Bd7 12. g4 Ne8 13. h4 a6 14. h5 g5 15.
Nf5 Bxf5 16. exf5 Bxc3 17. Qxc3 Ne5 18. Be2 f6 19. f4 Nf7 20. Bf3 c6 21. Kb1
gxf4 22. Bxf4 Ng5 23. Rhe1 Rf7 24. Re6 Rd7 25. Rde1 d5 26. Rxe8 Qxe8 27. Rxe8
Rxe8 28. Bxg5 d4 29. Qd2 hxg5 30. Bd1 Kh6 31. c5 Re5 32. Bb3 d3 33. Qc3 Rd4 34.
Bd1 Rdd5 35. b4 Rd7 36. Kc1 d2+ 37. Kc2 Rdd5 38. Bf3 Rd7 39. Qc4 Re8 40. Be2
Rd5 41. Bd3 Re3 42. Kxd2 Rh3 43. Qe4 Rh2+ 44. Kc3 Rh3 45. Kc4 Re5 46. Qd4 Rg3
47. Qd8 Rxg4+ 48. Kc3 Rd5 49. Qh8# 1-0

[Event "Bayern-chTT (LL Sued)"]
[Site "Bayern 2008/09"]
[Date "2009.03.01"]
[Round "7.6"]
[White "Rubke, Manfred"]
[Black "Fuchs, Georg(80)"]
[Result "1/2-1/2"]
[WhiteElo "2107"]
[BlackElo "2226"]
[PlyCount "91"]
[EventDate "2009.03.??"]
[EventType "team-tourn"]
[EventRounds "9"]
[WhiteTeam "Haunstetten 1"]
[BlackTeam "Weilheim 1"]

1. c3 e5 2. d3 d5 3. Qc2 Nf6 4. e4 b6 5. g3 Bb7 6. Bg2 dxe4 7. dxe4 Nbd7 8. Nh3
Nc5 9. O-O Qd7 10. Rd1 Bd6 11. f3 O-O-O 12. Nf2 h6 13. Be3 Qc6 14. a4 Ne6 15.
Na3 Bc5 16. Nc4 Bxe3 17. Nxe3 Qc5 18. Qe2 Rxd1+ 19. Nfxd1 a5 20. Nf2 Rd8 21.
Rd1 Rxd1+ 22. Nfxd1 Bc6 23. b3 Kb7 24. Bf1 g5 25. g4 h5 26. gxh5 Nxh5 27. Qa6+
Kb8 28. Qc4 Nhf4 29. Qxc5 Nxc5 30. Bc4 f6 31. Nf2 Kb7 32. Kf1 Be8 33. Neg4 Nd7
34. Ke1 c6 35. Kd2 Kc7 36. Nd1 Kd6 37. Nde3 Kc5 38. Nf5 Bh5 39. Nfe3 b5 40. Bg8
Nb6 41. axb5 cxb5 42. Nc2 Bxg4 43. b4+ Kc6 44. fxg4 a4 45. Na3 Nc8 46. Ke3
1/2-1/2

[Event "Bayern-chTT (LL Sued)"]
[Site "Bayern 2008/09"]
[Date "2009.03.01"]
[Round "7.7"]
[White "Jannasch, Franz"]
[Black "Urbach, Isaak"]
[Result "0-1"]
[WhiteElo "2136"]
[BlackElo "1917"]
[PlyCount "148"]
[EventDate "2009.03.??"]
[EventType "team-tourn"]
[EventRounds "9"]
[WhiteTeam "Weilheim 1"]
[BlackTeam "Haunstetten 1"]

1. e4 g6 2. c4 Bg7 3. g3 c5 4. Bg2 Nc6 5. Ne2 e6 6. Nbc3 Nge7 7. O-O O-O 8. d3
Nd4 9. Nxd4 cxd4 10. Ne2 d5 11. cxd5 exd5 12. Bg5 dxe4 13. Bxe4 h6 14. Bd2 Qb6
15. b4 f5 16. Bg2 Be6 17. Nf4 Bf7 18. Re1 Rfe8 19. a4 g5 20. Nh5 Bh8 21. g4 f4
22. Rc1 Nd5 23. Qf3 Nc3 24. a5 Qxb4 25. a6 bxa6 26. Qc6 Qb6 27. Qxb6 axb6 28.
Bxa8 Rxa8 29. Re7 b5 30. Rb7 Ne2+ 31. Kf1 Nxc1 32. Bxc1 Rc8 33. Ba3 Rc6 34. h4
Bd5 35. Rb8+ Kh7 36. hxg5 hxg5 37. Rd8 Bf3 38. Rd7+ Kg6 39. Rd8 Bxg4 40. Nxf4+
gxf4 41. Rxh8 Rc3 42. Rg8+ Kf5 43. Rf8+ Ke5 44. Re8+ Be6 45. Bb4 Rxd3 46. Ba5
f3 47. Ke1 Kf6 48. Bd8+ Kf5 49. Rf8+ Ke5 50. Bc7+ Kd5 51. Rd8+ Kc6 52. Be5 Bb3
53. Rxd4 Rxd4 54. Bxd4 a5 55. Kd2 b4 56. Kc1 Kb5 57. Kb2 a4 58. Bf6 Kc4 59. Be5
a3+ 60. Kc1 Ba4 61. Bd6 Bc6 62. Kb1 Kb5 63. Ka2 Ka4 64. Ka1 b3 65. Be5 b2+ 66.
Bxb2 axb2+ 67. Kxb2 Kb4 68. Kc2 Kc4 69. Kd2 Kd4 70. Ke1 Kd3 71. Kd1 Ba4+ 72.
Ke1 Kc2 73. Kf1 Kd2 74. Kg1 Ke2 0-1

[Event "Bayern-chTT (LL Sued)"]
[Site "Bayern 2008/09"]
[Date "2009.03.01"]
[Round "7.8"]
[White "Weichlein, Paul"]
[Black "Kobold, Julius"]
[Result "0-1"]
[WhiteElo "1823"]
[BlackElo "1494"]
[PlyCount "72"]
[EventDate "2009.03.??"]
[EventType "team-tourn"]
[EventRounds "9"]
[WhiteTeam "Haunstetten 1"]
[BlackTeam "Weilheim 1"]

1. d4 Nf6 2. Nf3 e6 3. e3 b6 4. Bd3 Bb7 5. Nbd2 Be7 6. O-O O-O 7. b3 d6 8. Bb2
Nbd7 9. e4 c5 10. c4 cxd4 11. Nxd4 Nc5 12. Bc2 Nfxe4 13. Nxe4 Nxe4 14. Qf3 Nc5
15. Qh3 h6 16. b4 e5 17. Nf5 Ne6 18. Nxh6+ gxh6 19. Qxh6 Ng5 20. f4 Be4 21.
Bxe4 Nxe4 22. Rf3 Bf6 23. Rh3 Re8 24. Qh7+ Kf8 25. Rf1 d5 26. fxe5 Ng5 27. Qh6+
Bg7 28. Qh5 Nxh3+ 29. gxh3 Qd7 30. b5 dxc4 31. Qg6 Re6 32. Rf6 Kg8 33. Qg5 Qd1+
34. Kg2 Qe2+ 35. Rf2 Qe4+ 36. Kg1 Rg6 0-1

[Event "Bayern-chTT (LL Sued)"]
[Site "Bayern 2008/09"]
[Date "2009.03.01"]
[Round "7.2"]
[White "Pezerovic, Edin"]
[Black "Kuenzner, Franz"]
[Result "1/2-1/2"]
[WhiteElo "2432"]
[BlackElo "2278"]
[PlyCount "92"]
[EventDate "2009.03.??"]
[EventType "team-tourn"]
[EventRounds "9"]
[WhiteTeam "Tegernsee 2"]
[BlackTeam "Sendling 1"]

1. d4 d5 2. Nf3 c6 3. c4 e6 4. e3 f5 5. Bd3 Nf6 6. O-O Be7 7. Nc3 Ne4 8. Qc2
O-O 9. Rb1 Nd6 10. Nd2 Nd7 11. c5 Nf7 12. b4 Nf6 13. b5 Ne4 14. bxc6 bxc6 15.
f3 Nxc3 16. Qxc3 Qc7 17. f4 g5 18. Nb3 Bf6 19. Bd2 Nh6 20. Na5 Kh8 21. Qb4 Rg8
22. g3 gxf4 23. exf4 Ng4 24. Be1 Bd7 25. Qa4 Rab8 26. Rxb8 Rxb8 27. Nb3 Be8 28.
Be2 Qg7 29. Bf2 Qb7 30. Re1 Nxf2 31. Kxf2 Bd7 32. Rd1 Kg7 33. Qa6 Qxa6 34. Bxa6
Rb4 35. Rd2 Ra4 36. Be2 Bc8 37. Ke3 Kf7 38. h3 Ba6 39. Bxa6 Rxa6 40. g4 h6 41.
Rg2 Kg6 42. Kd3 fxg4 43. hxg4 Ra4 44. Re2 Kf7 45. Rh2 Bg7 46. Re2 a5 1/2-1/2